Odpadové hospodárstvo v podniku
K základným činnostiam odpadového hospodárstva patria predchádzanie vzniku odpadu, obmedzovanie vzniku odpadu a nakladanie s odpadmi. Najdôležitejšou prioritou odpadového hospodárstva v podniku by malo byť opätovné použitie a recyklácia materiálov. Zneškodňovanie odpadu by malo byť až poslednou možn...
Salvato in:
| Autore principale: | |
|---|---|
| Altri autori: | |
| Natura: | Capitolo di libro |
| Lingua: | slovacco |
| Soggetti: | |
| Tags: |
Nessun Tag, puoi essere il primo ad aggiungerne!!
|
MARC
| LEADER | 00000nla a2200000 4500 | ||
|---|---|---|---|
| 001 | 0240084 | ||
| 005 | 20240502073908.3 | ||
| 041 | 0 | |a slo | |
| 044 | |a SK | ||
| 245 | 1 | 0 | |a Odpadové hospodárstvo v podniku |c Brigita Boorová, Klaudia Porubanová |
| 520 | |a K základným činnostiam odpadového hospodárstva patria predchádzanie vzniku odpadu, obmedzovanie vzniku odpadu a nakladanie s odpadmi. Najdôležitejšou prioritou odpadového hospodárstva v podniku by malo byť opätovné použitie a recyklácia materiálov. Zneškodňovanie odpadu by malo byť až poslednou možnosťou. | ||
| 610 | 2 | 0 | |a hospodárstvo odpadové |
| 610 | 2 | 0 | |a odpad |
| 610 | 2 | 0 | |a podnik |
| 610 | 2 | 0 | |a prostredie životné |
| 610 | 2 | 0 | |a recyklácia odpadu |
| 610 | 2 | 0 | |a likvidácia odpadu |
| 100 | 1 | |a Boorová, Brigita, 1979- | |
| 700 | 1 | |a Porubanová, Klaudia | |